000 00766nam a2200265Ia 4500
003 OSt
005 20220925231849.0
006 a|||||r|||| 00| 0
007 ta
008 220923b |||||||| |||| 00| 0 eng d
020 _a1577181212
037 _cGeneral Book
040 _aRTL
_cRTL
_beng
041 _2eng
_aeng
082 _aY9(W:5), N8
100 _aHoward Judith A
_9292191
245 0 _aEveryday inequalities
_b Critical inquiries
260 _aMassachusetts
_bBlackwell
_c1998
300 _axxi, 408p
_ccm.
500 _aBibliography chapterwise
650 _aPolitical Sociology
700 _a O'brien Jodi Ed
_9296269
942 _hY9(W:5), N8
_cGB
_2CC
999 _c589661
_d589661